000 00693nam a2200253Ia 4500
003 OSt
005 20220924152949.0
006 a|||||r|||| 00| 0
007 ta
008 220923b |||||||| |||| 00| 0 tel d
020 _cRs.30
024 _a346205
037 _cTextual
040 _aARTS
_cARTS
_btel
041 _2tel
_atel
082 _aDelta y73M37, 35N1
100 _aVoruganti Rama Krishna Prasad Au.
_9227905
245 0 _aSri Sadguru Sai Baba Jeevita Charitra b
260 _c1991
300 _a336p.
_ccm.
650 _aSPIRurdALISM
942 _hDelta y73M37, 35N1
_cTEXL
_2CC
999 _c471757
_d471757